Logo biblioteca
Santa Fe 2917, Rosario, Santa Fe
Lu-Vi 8 a 19.45
+54-341-4232362
bibliotecaeudoro@gmail.com
Facebook Biblioteca Pedagógica
Sitio web

La intervención como objeto-problema en la institución educativa. (Registro nro. 32515)

Detalles MARC
000 -CABECERA
campo fijo de control de longitud 01237nab a2200253 4500
003 - IDENTIFICADOR DEL NÚMERO DE CONTROL
campo de control AR-RoBPED
005 - FECHA Y HORADE LA ULTIMA TRANSACCION
campo de control 20260407140740.0
008 - ELEMENTOS DE LONGITUD FIJA--INFORMACION GENERAL
campo fijo de control de longitud 260407b |||||||| |||| 00| 0 spa d
040 ## - FUENTE CATALOGADORA
Centro catalogador/agencia de origen AR-RoBPED
041 ## - IDIOMA
Código de idioma para texto/pista de sonido o título independiente spa
100 1# - ENCABEZAMIENTO PRINCIPAL--AUTOR PERSONAL
Nombre de persona Karapen, Nahuel
9 (RLIN) 29919
Función Licenciado y profesor en Ciencias de la Educación
245 13 - TITULO
Título La intervención como objeto-problema en la institución educativa.
Subtítulo Coordenadas para situar un pensamiento-acción en movimiento /
260 ## - PUBLICACION
Lugar Buenos Aires :
Editor Noveduc,
Fecha 2025
300 ## - DESCRIPCION FISICA
Extensión 36-39 p.
500 ## - NOTA GENERAL
Nota general Se presenta una lectura problematizadora de las intervenciones en la escuela, entendiendo que la manera en que los actores institucionales ven al cotidiano escolar afecta la forma de intervenir. desde allí, se brindan propuestas de cómo pensar y promover el accionar institucional.
650 #7 - TERMINO DE MATERIA--CONTROLADO
Término controlado ESCUELA
9 (RLIN) 20136
Término controlado COMPORTAMIENTO DEL ALUMNO
9 (RLIN) 11446
Término controlado CONVIVENCIA
9 (RLIN) 911
Término controlado CONDUCTA DEL ALUMNO
9 (RLIN) 16689
Término controlado INSTITUCIONES EDUCATIVAS
9 (RLIN) 1049
773 0# - DOCUMENTO FUENTE
Host Biblionumber 20414
Host Itemnumber 41867
Place, publisher, and date of publication Buenos Aires : Noveduc, 1993-
Título Novedades Educativas
Record control number (AR-RoBPED)20414
International Standard Serial Number 03283534
942 ## - ELEMENTOS KOHA
Fuente de clasificación Universal Decimal Classification
Koha tipo de ítem Revistas
Clasificación 37(05)
Signatura librística Nov 86 Nº 400 (Febr.2025)
Número Koha k.32515
945 ## - PROCESAMIENTO DE LA INFORMACIÓN LOCAL
Catalogador y fecha mar 04/2026

No hay ítems disponibles.